00318nam a2200145Ia 4500003000900000008004100009040001300050040001300063245002400076245001100100260001300111300000800124490000600132600003400138IT-RoPAU120407s9999 xx 000 0 und d aIT-RoPAU cIT-RoPAU aMartirologio romano cAA.VV. aVaticana c cm v1 auna versione in latino al 2-6